Fundamentos de Quimica (Registro nro. 29132)

Detalles MARC
000 -LÍDER
fixed length control field 00547nam a22002177a 4500
003 - IDENTIFICADOR DEL NÚMERO DE CONTROL
control field ITZ
005 - FECHA Y HORA DE LA ULTIMA TRANSACCIÓN
Campo de control 20241128123525.0
008 - ELEMENTOS DE LONGITUD FIJA -- INFORMACIÓN GENERAL
fixed length control field 230918b |||||||| |||| 00| 0 spa d
020 ## - NÚMERO INTERNACIONAL NORMALIZADO PARA LIBROS
ISBN 978-607-526-656-5
035 ## - Número de ficha (Janium)
Número de ficha (Janium) 17515
041 ## - CÓDIGO DE IDIOMA
Código de idioma para texto/pista de sonido o título separado spa
050 ## - SIGNATURA TOPOGRAFICA DE LA BIBLIOTECA DEL CONGRESO (LC)
Número de Clasificación QD31.2
Cutter H468 2018
082 ## - NUMERO DE CLASIFICACION DECIMAL DEWEY
Número de Clasificación 540
Cutter H757f 2018
100 1# - ASIENTO PRINCIPAL--NOMBRE PERSONAL
Nombre personal Hein, Morris
245 ## - TÍTULO
Título Fundamentos de Quimica
Mención de responsabilidad, etc. Morris, Hein, Susan Arena
250 ## - MENCIÓN DE EDICIÓN
Mención de edición 15
260 ## - PUBLICACIÓN, DISTRIBUCIÓN, ETC. (PIE DE IMPRENTA)
Lugar de publicación, distribución, etc. México
Nombre del editor, distribuidor, etc. Cengage Learning
Fecha de publicación, distribución, etc. 2018
300 ## - DESCRIPCIÓN FÍSICA
Extensión x1x, 517 p., il. /
Dimensiones 27 cm.
650 ## - ASIENTO SECUNDARIO DE MATERIA - TERMINO TEMÁTICO
Término temático o nombre geográfico como elemento de entrada 1. QUIMICA
942 ## - TIPO DE MATERIAL (KOHA)
Koha item type Libros
Existencias
No. biblioteca No. biblioteca Número de clasificación Código de barras/Número de adquisición Número de copia Tipo de material Otras carreras
ÁREA DE QUÍMICA LUIS G. INCLAN 540 H757f 2018 54119 3 Libros LUIS G. INCLAN
ÁREA DE QUÍMICA LUIS G. INCLAN 540 H757f 2018 54120 4 Libros LUIS G. INCLAN
Calzada Tecnológico # 27, Zacatepec, Morelos.
01(734) 343-07-23 / 343-21-10 / 343-21-11
Apdo. Postal 45 C.P 62780